00612 2200229 4500001002100000005001700021008004100038020001800079035002400097082001100121090002100132100002400153245004900177250001100226260003500237300002500272500003000297650001900327850001500346985000600361999001500367YOGYA-0209000002859820090227024240.0 ind  a979-489-205-x 0010-020900000028598 a664.76 a664.76bSir RlT aSIREGAR, Sori Basya aRansum ternak ruminansiacSori Basya Siregar aCet. 1 aJakartabPenebar Swadayac1993 a126 hlmbilusc21 cm aBibliografi: hlm. 123-125 aMakanan Ternak aYOPDYOG(B) a1 a95P0064377